000 00383nam a2200133Ia 4500
008 100328s9999 xx 000 0 und d
082 _b4187
100 _aवरेरकर भार्गवराम विठ्ठल
245 _aकाशीनाथ
260 _bनवभारत
630 _aकाशीनाथ
730 _aकाशीनाथ
942 _cBOOK
999 _c500267
_d500264